000
00293nam a22001337a 4500
008
170224b xxu||||| |||| 00| 0 eng d
020
_a
9780781770767
041
_a
eng
080
_2
5TH
_a
617
100
_a
5
101
_a
SHK
245
_a
SURGICAL RECALL
_c
BLACKBOURNE, L.H
942
_2
udc
_c
BK
999
_c
6233
_d
6233